• 首页
  • 本馆介绍
  • 公告通知
  • 最新文献
  • 馆藏检索
  • 电子资源
  • 读者导购
  • 参考咨询
  • 我的图书馆
  • 登录
  • 详细信息显示
  • 放入我的书架
  • 预约/预借图书
  • 作者相关作品
  • 分类相关作品
  • 丛书相关作品
  • 出版社相关作品

书目信息

  • 表格格式
  • 工作单格式
  • 卡片格式
题名:
人体与绘画
    
 
作者: Bridgman , 伯里曼 著 ;润棠 译
分册:  
出版信息: 北京   人民美术出版社  1974
页数: 157页
开本: 19cm
丛书名:
单 册:
中图分类: J206.4
科图分类:
主题词: 艺用人体解剖学
电子资源:
ISBN:
000 00757nam0 2200265 45
001 0178000499
005 20060804174945.03
010    @dCNY0.46
091    @aCN@b8027.5795
100    @a19950724e19781974em y0chiy0121 ea
101 1  @achi@ceng
102    @aCN@b110000
105    @ay z 000yy
200 10 @a人体与绘画@Aren ti yu hui hua@f(美)伯里曼(G.B.Bridgman)著@g润棠译
210    @a北京@c人民美术出版社@d1974@h1978重印
215    @a157页@d19cm
300    @a本书原名:生活与绘画
517 1  @a生活与绘画@Asheng huo yu hui hua
606    @a艺用人体解剖学
690    @aJ206.4@v3
701 A1 @aBridgman@bG.B.@4著
701  1 @a伯里曼@Abo li man@bG.B.@4著
702  0 @a润棠@Arun tang@4译
801  0 @aCN@bTSSF@c20060804
905    @a10447@dJ206.4@e352
    
    人体与绘画/(美)伯里曼(G.B.Bridgman)著/润棠译.-北京:人民美术出版社,1974(1978重印)
    157页;19cm
    本书原名:生活与绘画
    
    ISBN :CNY0.46
    
●
相关链接 在E读中查询图书 在五车中查询图书 在当当中查询图书 在豆瓣中查询图书


正题名:人体与绘画     索取号:J206.4/352         预约/预借

序号 登录号 条形码 馆藏地/架位号 状态 备注
1 0444689   204446894   密集书库/ [索取号:J206.4/352] 在馆    
2 0444690   204446901   密集书库/ [索取号:J206.4/352] 在馆    
唐山师范学院图书馆 欢迎您!
大连网信软件有限公司© 版权所有